[Event "Jesenik op"]
[Site "Jesenik"]
[Date "2019.08.23"]
[Round "7"]
[White "Dvorak, Martin"]
[Black "Ruzicka, Milan"]
[Result "1/2-1/2"]
[WhiteElo "2204"]
[BlackElo "2074"]
[PlyCount "30"]
[EventDate "2019.08.17"]
[EventType "swiss"]
[EventRounds "9"]
[EventCountry "CZE"]
[SourceTitle "EXT 2020"]
[Source "ChessBase"]
[SourceDate "2019.10.17"]
[SourceVersion "1"]
[SourceVersionDate "2019.10.17"]
[SourceQuality "1"]

1. e4 e6 2. d4 d5 3. Nd2 c5 4. exd5 exd5 5. Ngf3 Nf6 6. Bb5+ Bd7 7. Qe2+ Be7 8. dxc5 0-0 9. 0-0 Bxc5 10. Nb3 Bd6 11. Bxd7 Nbxd7 12. Bg5 h6 13. Bh4 Re8 14. Qd3 Qb6 15. c3 Re4 1/2-1/2

[Event "CZE-chT2D 1213"]
[Site "Czech Republic"]
[Date "2013.03.03"]
[Round "10.5"]
[White "Ruzicka, Milan"]
[Black "Zboril, Tomas"]
[Result "1/2-1/2"]
[WhiteElo "2059"]
[BlackElo "2138"]
[PlyCount "180"]
[EventDate "2012.10.14"]
[EventType "team-tourn"]
[EventRounds "11"]
[EventCountry "CZE"]
[SourceTitle "EXT 2016"]
[Source "ChessBase"]
[SourceDate "2015.10.08"]
[SourceVersion "1"]
[SourceVersionDate "2015.10.08"]
[SourceQuality "1"]
[WhiteTeam "Sumperk"]
[BlackTeam "Olomouc Garde"]
[WhiteTeamCountry "CZE"]
[BlackTeamCountry "CZE"]

1. d4 c5 2. d5 g6 3. c4 Bg7 4. Nc3 Nf6 5. e4 d6 6. Nf3 0-0 7. Bd3 Bg4 8. h3 Bxf3 9. Qxf3 Nbd7 10. 0-0 a6 11. a4 e6 12. Re1 exd5 13. exd5 Ne5 14. Qd1 Nxd3 15. Qxd3 Re8 16. Bf4 Qd7 17. g4 Rxe1+ 18. Rxe1 Re8 19. Rxe8+ Nxe8 20. b3 Qe7 21. Qe4 Qxe4 22. Nxe4 Bf8 23. g5 Be7 24. Kg2 h6 25. h4 b6 26. Kf3 a5 27. Bg3 Kg7 28. Ke3 Kh7 29. Bf4 hxg5 30. hxg5 Kg8 31. Kf3 Kg7 32. Kg4 Kh7 33. Bg3 Kg8 34. f4 Ng7 35. Kf3 Nf5 36. Bf2 Kf8 37. Ng3 Nxg3 38. Bxg3 Kg7 39. Ke4 Kh7 40. f5 Kg8 41. f6 Bf8 42. Be1 Kh7 43. Kd3 Kg8 44. Kc2 Kh8 45. b4 axb4 46. Kb3 Kh7 47. Bd2 Kg8 48. Bxb4 cxb4 49. Kxb4 Bh6 50. gxh6 g5 51. Kc3 Kh7 52. c5 bxc5 53. a5 g4 54. Kd2 g3 55. Ke2 g2 56. Kf2 c4 57. a6 c3 58. a7 c2 59. a8Q c1Q 60. Kxg2 Qg5+ 61. Kh2 Qxh6+ 62. Kg2 Qxf6 63. Qc6 Qe5 64. Kf3 Kg6 65. Qa8 Kg7 66. Qb7 Kf6 67. Qa8 Qf5+ 68. Ke3 Ke5 69. Qe8+ Kxd5 70. Qb5+ Ke6 71. Qe8+ Kf6 72. Qd8+ Ke5 73. Qh8+ Qf6 74. Qh5+ Ke6 75. Qh3+ Ke7 76. Kd3 Qg6+ 77. Kd4 Qg1+ 78. Kd3 Qd1+ 79. Ke4 Qe2+ 80. Kd4 Qb2+ 81. Kc4 Qc2+ 82. Kb4 Qc5+ 83. Kb3 Qe5 84. Qh4+ Qf6 85. Qa4 Qf3+ 86. Kc2 d5 87. Qa7+ Ke6 88. Qb6+ Kf5 89. Qd6 Qe4+ 90. Kd1 d4 1/2-1/2

[Event "Tatry op"]
[Site "Tatranske Zruby"]
[Date "2012.09.26"]
[Round "5"]
[White "Ruzicka, Milan"]
[Black "Novak, Jaromir"]
[Result "1-0"]
[WhiteElo "2059"]
[BlackElo "1916"]
[PlyCount "95"]
[EventDate "2012.09.23"]
[EventType "swiss"]
[EventRounds "9"]
[EventCountry "SVK"]
[SourceTitle "CBM 150 Extra"]
[Source "ChessBase"]
[SourceDate "2012.10.19"]
[SourceVersion "1"]
[SourceVersionDate "2012.10.19"]
[SourceQuality "1"]

1. d4 Nf6 2. Nf3 d5 3. Bf4 c6 4. c3 Bf5 5. Qb3 Qb6 6. Nbd2 Nbd7 7. h3 h6 8. e3 e6 9. Be2 Be7 10. 0-0 0-0 11. c4 Qxb3 12. axb3 Ne4 13. Nxe4 Bxe4 14. c5 a6 15. b4 Rac8 16. Nd2 Bd8 17. f3 Bg6 18. Bd6 Re8 19. e4 Bc7 20. e5 f6 21. f4 Bc2 22. Rfc1 Bg6 23. Nb3 Red8 24. Rc3 Nf8 25. Na5 Bxd6 26. cxd6 Rd7 27. Rac1 Rb8 28. Nb3 Kf7 29. Nc5 Rdd8 30. g4 f5 31. Bd3 Nd7 32. gxf5 Bxf5 33. Bxf5 Nxc5 34. bxc5 exf5 35. e6+ Kxe6 36. Re1+ Kf6 37. Rce3 g5 38. Re6+ Kg7 39. Re7+ Kf8 40. fxg5 hxg5 41. R1e5 b6 42. Rxf5+ Kg8 43. Rxg5+ Kf8 44. Rgg7 bxc5 45. dxc5 Rxb2 46. Ref7+ Ke8 47. d7+ Rxd7 48. Rxd7 1-0

[Event "Tatry op"]
[Site "Tatranske Zruby"]
[Date "2012.09.24"]
[Round "2"]
[White "Jablonicky, Frantisek"]
[Black "Ruzicka, Milan"]
[Result "0-1"]
[WhiteElo "2173"]
[BlackElo "2059"]
[PlyCount "72"]
[EventDate "2012.09.23"]
[EventType "swiss"]
[EventRounds "9"]
[EventCountry "SVK"]
[SourceTitle "CBM 150 Extra"]
[Source "ChessBase"]
[SourceDate "2012.10.19"]
[SourceVersion "1"]
[SourceVersionDate "2012.10.19"]
[SourceQuality "1"]

1. Nf3 d5 2. d4 Nf6 3. c4 c6 4. Nbd2 Bf5 5. g3 e6 6. Bg2 h6 7. 0-0 Bd6 8. Qb3 Qc7 9. c5 Be7 10. Ne5 Nbd7 11. Ndf3 Nxe5 12. Nxe5 Nd7 13. Nxd7 Qxd7 14. Qc3 0-0 15. b4 b6 16. cxb6 axb6 17. Bb2 Rfc8 18. Rfc1 Ra4 19. a3 Bf6 20. Qb3 Raa8 21. a4 Qe7 22. f3 e5 23. e4 dxe4 24. fxe4 Bd7 25. d5 cxd5 26. Rxc8+ Rxc8 27. exd5 e4 28. Re1 Bxb2 29. Qxb2 Rc4 30. Qe2 Qxb4 31. Bxe4 Qxa4 32. Bb1 Rc8 33. Qe4 Qxe4 34. Bxe4 Kf8 35. d6 Re8 36. Kf2 Re6 0-1

[Event "Zlatni Rat op 2nd"]
[Site "Bol"]
[Date "2011.09.12"]
[Round "4"]
[White "Ruzicka, Milan"]
[Black "Scharrer, Patrick"]
[Result "0-1"]
[WhiteElo "2067"]
[BlackElo "2269"]
[PlyCount "51"]
[EventDate "2011.09.10"]
[EventType "swiss"]
[EventRounds "9"]
[EventCountry "CRO"]
[SourceTitle "CBM 144 Extra"]
[Source "ChessBase"]
[SourceDate "2011.10.28"]
[SourceVersion "1"]
[SourceVersionDate "2011.10.28"]
[SourceQuality "1"]

1. d4 g6 2. e4 Bg7 3. Nc3 d6 4. Be3 a6 5. Qd2 Nd7 6. h4 h5 7. a4 b6 8. Bc4 Ngf6 9. f3 e6 10. Nge2 Qe7 11. Bg5 Bb7 12. Bb3 c5 13. d5 e5 14. 0-0 0-0 15. Bc4 Qe8 16. Ng3 Nh7 17. Bh6 Bxh6 18. Qxh6 Qe7 19. Nxh5 gxh5 20. Qxh5 Kh8 21. g4 Ndf6 22. Qh6 Ng8 23. Qh5 Qf6 24. Kf2 Qg6 25. Qxg6 fxg6 26. Ke3 0-1

[Event "Zlatni Rat op 2nd"]
[Site "Bol"]
[Date "2011.09.10"]
[Round "1"]
[White "Ruzicka, Milan"]
[Black "Tratar, Marko"]
[Result "0-1"]
[WhiteElo "2067"]
[BlackElo "2477"]
[PlyCount "100"]
[EventDate "2011.09.10"]
[EventType "swiss"]
[EventRounds "9"]
[EventCountry "CRO"]
[SourceTitle "CBM 144 Extra"]
[Source "ChessBase"]
[SourceDate "2011.10.28"]
[SourceVersion "1"]
[SourceVersionDate "2011.10.28"]
[SourceQuality "1"]

1. d4 d6 2. Nf3 Nf6 3. c4 Nbd7 4. Nc3 e5 5. Qc2 c6 6. e4 Be7 7. Be2 0-0 8. 0-0 a6 9. a4 a5 10. Be3 Re8 11. Rfd1 Ng4 12. Bc1 Qc7 13. h3 Ngf6 14. Be3 Nf8 15. Rac1 Ng6 16. Bf1 h6 17. Qd2 Bf8 18. d5 c5 19. Nb5 Qd8 20. Qc2 b6 21. Kh2 Be7 22. g3 Rf8 23. Bg2 Nh7 24. Nd2 Bg5 25. Bxg5 hxg5 26. Rf1 Nf6 27. Qd3 Kh7 28. Rh1 Rh8 29. Kg1 Kg8 30. Qe3 Ne8 31. Nf3 f6 32. Nd2 Bd7 33. Nc3 Qc8 34. g4 Nf4 35. Ne2 Bxa4 36. Nxf4 gxf4 37. Qa3 Bd7 38. f3 g6 39. Kf2 Rh4 40. Nb1 f5 41. gxf5 gxf5 42. Rcg1 fxe4 43. fxe4 Nf6 44. Qf3 Kf7 45. Bf1 Qh8 46. Nc3 Qh5 47. b3 Rh8 48. Qxh5+ R4xh5 49. Na4 Bxa4 50. bxa4 Nxe4+ 0-1

[Event "CZE-chT2F 1011"]
[Site "Czech Republic"]
[Date "2011.01.23"]
[Round "6.4"]
[White "Ruzicka, Milan"]
[Black "Stukner, Simon"]
[Result "0-1"]
[WhiteElo "2072"]
[BlackElo "2159"]
[PlyCount "134"]
[EventDate "2010.10.17"]
[EventType "team-tourn"]
[EventRounds "11"]
[EventCountry "CZE"]
[SourceTitle "EXT 2012"]
[Source "ChessBase"]
[SourceDate "2011.11.24"]
[SourceVersion "1"]
[SourceVersionDate "2011.11.24"]
[SourceQuality "1"]
[WhiteTeam "Sumperk"]
[BlackTeam "Dobra"]
[WhiteTeamCountry "CZE"]
[BlackTeamCountry "CZE"]

1. d4 Nf6 2. Nf3 e6 3. Bf4 b6 4. e3 Bb7 5. Bd3 Be7 6. Nbd2 Nh5 7. Bg3 Nxg3 8. hxg3 h6 9. e4 d6 10. Qe2 Nd7 11. 0-0-0 c5 12. c3 Qc7 13. Kb1 0-0-0 14. Ba6 Kb8 15. Bxb7 Qxb7 16. g4 Rc8 17. Rc1 b5 18. Rhd1 c4 19. Rc2 Rhe8 20. Nf1 Nf6 21. N3d2 d5 22. e5 Nd7 23. Ne3 Rc6 24. f4 a5 25. Kc1 b4 26. cxb4 axb4 27. Nb1 Qa7 28. b3 Nb6 29. Kd2 Bh4 30. Qf3 Rec8 31. g3 cxb3 32. axb3 Be7 33. Rdc1 Rxc2+ 34. Rxc2 Qa1 35. Rxc8+ Kxc8 36. Kc1 Qxd4 37. Nc2 Qg1+ 38. Kb2 Bc5 39. Qd3 Kd7 40. Nxb4 Qf2+ 41. Nc2 Ke7 42. Nc3 Nd7 43. Ne2 Bb6 44. b4 f6 45. exf6+ Nxf6 46. Nc3 Kf7 47. g5 hxg5 48. fxg5 Ng4 49. Kb3 Ne3 50. Nxe3 Qxe3 51. Qxe3 Bxe3 52. b5 Ke7 53. g6 Kd6 54. Kc2 Kc5 55. Kd3 Bg5 56. Ne2 e5 57. Nc3 Bf6 58. Ke2 e4 59. Nd1 Kxb5 60. Ne3 Kc5 61. Ng4 Bg5 62. Nf2 Kd4 63. Ng4 Kc3 64. Nf2 Kc2 65. Nh3 Bc1 66. Nf2 d4 67. Nxe4 d3+ 0-1

[Event "CZE-chT2F 1011"]
[Site "Czech Republic"]
[Date "2010.11.07"]
[Round "2.5"]
[White "Ruzicka, Milan"]
[Black "Kocur, Ales"]
[Result "1-0"]
[WhiteElo "2072"]
[BlackElo "1898"]
[PlyCount "99"]
[EventDate "2010.10.17"]
[EventType "team-tourn"]
[EventRounds "11"]
[EventCountry "CZE"]
[SourceTitle "EXT 2012"]
[Source "ChessBase"]
[SourceDate "2011.11.24"]
[SourceVersion "1"]
[SourceVersionDate "2011.11.24"]
[SourceQuality "1"]
[WhiteTeam "Sumperk"]
[BlackTeam "Frydek Mistek II"]
[WhiteTeamCountry "CZE"]
[BlackTeamCountry "CZE"]

1. d4 d5 2. Nf3 Nf6 3. Bf4 Bf5 4. e3 e6 5. Bd3 Bxd3 6. Qxd3 c5 7. c3 c4 8. Qc2 Bd6 9. Ne5 0-0 10. Nd2 Nc6 11. 0-0 Bxe5 12. dxe5 Nd7 13. e4 Ndxe5 14. exd5 exd5 15. Rad1 Nd3 16. Bg3 Re8 17. b3 Re2 18. bxc4 dxc4 19. Qb1 Na5 20. Nxc4 Nxc4 21. Rxd3 Qe7 22. Rfd1 Re8 23. h3 b6 24. Rd7 Qg5 25. Qd3 Qb5 26. Rb1 Qxb1+ 27. Qxb1 Re1+ 28. Qxe1 Rxe1+ 29. Kh2 f6 30. Rxa7 Rc1 31. Rc7 Rxc3 32. a4 Rc2 33. h4 f5 34. Be5 g6 35. Bd4 Na3 36. Rxc2 Nxc2 37. Bxb6 Nb4 38. a5 Kf7 39. Kg3 Ke6 40. Kf4 h6 41. Ke3 Kd5 42. f3 Kc4 43. g4 fxg4 44. fxg4 Kd5 45. Kf4 Nd3+ 46. Kg3 g5 47. h5 Kc6 48. Bd4 Kb5 49. Bc3 Nc5 50. Kf3 1-0

[Event "CZE-chT2F 1011"]
[Site "Czech Republic"]
[Date "2010.10.17"]
[Round "1.4"]
[White "Ruzicka, Milan"]
[Black "Hladik, Oto"]
[Result "1/2-1/2"]
[WhiteElo "2072"]
[BlackElo "2191"]
[PlyCount "27"]
[EventDate "2010.10.17"]
[EventType "team-tourn"]
[EventRounds "11"]
[EventCountry "CZE"]
[SourceTitle "EXT 2012"]
[Source "ChessBase"]
[SourceDate "2011.11.24"]
[SourceVersion "1"]
[SourceVersionDate "2011.11.24"]
[SourceQuality "1"]
[WhiteTeam "Sumperk"]
[BlackTeam "Ostrava Mittal II"]
[WhiteTeamCountry "CZE"]
[BlackTeamCountry "CZE"]

1. d4 g6 2. Nf3 Bg7 3. c4 c5 4. d5 f5 5. Nc3 Bxc3+ 6. bxc3 Nf6 7. Bh6 Qa5 8. Qc2 d6 9. Bg7 Rg8 10. Bxf6 exf6 11. e3 Nd7 12. Be2 Nb6 13. 0-0 Bd7 14. Rab1 1/2-1/2

[Event "CZE-chT2F 0910"]
[Site "Czech Republic"]
[Date "2010.03.14"]
[Round "9.4"]
[White "Baier, Pavel"]
[Black "Ruzicka, Milan"]
[Result "0-1"]
[WhiteElo "2204"]
[BlackElo "2083"]
[PlyCount "98"]
[EventDate "2009.10.18"]
[EventType "team-tourn"]
[EventRounds "11"]
[EventCountry "CZE"]
[SourceTitle "EXT 2012"]
[Source "ChessBase"]
[SourceDate "2011.11.24"]
[SourceVersion "1"]
[SourceVersionDate "2011.11.24"]
[SourceQuality "1"]
[WhiteTeam "Havirov"]
[BlackTeam "Sumperk"]
[WhiteTeamCountry "CZE"]
[BlackTeamCountry "CZE"]

1. h3 d5 2. b3 Nf6 3. Bb2 Bf5 4. Nf3 h6 5. e3 e6 6. d3 Bd6 7. Nbd2 Nbd7 8. Qe2 e5 9. e4 dxe4 10. dxe4 Bh7 11. Qb5 Nxe4 12. Qxb7 Nxd2 13. Nxd2 Bxc2 14. Rc1 Bg6 15. Bb5 0-0 16. Bxd7 Qxd7 17. 0-0 Rab8 18. Qf3 Qf5 19. Qxf5 Bxf5 20. Nc4 Bd3 21. Rfd1 Bxc4 22. Rxc4 f6 23. Rd5 a6 24. Rc6 Rb5 25. Rd2 Ra8 26. Kf1 Kf7 27. Ke2 a5 28. Rc4 Ke6 29. Rg4 Kf7 30. Rc2 h5 31. Rgc4 Ra6 32. Bc1 Ke6 33. g4 hxg4 34. hxg4 g6 35. Bd2 f5 36. gxf5+ gxf5 37. Ra4 c6 38. Rcc4 Kd5 39. f3 Bc5 40. Kd3 Ra8 41. Bc3 Bb6 42. Rh4 Rg8 43. Rh5 Rg2 44. Rxf5 Ke6 45. Rf8 Rd5+ 46. Kc4 Rc2 47. b4 axb4 48. Re8+ Kd7 49. Raa8 Rd4+ 0-1

[Event "Tatry op"]
[Site "Tatranske Zruby"]
[Date "2009.09.30"]
[Round "5"]
[White "Marko, Jan"]
[Black "Ruzicka, Milan"]
[Result "1/2-1/2"]
[WhiteElo "1852"]
[BlackElo "2083"]
[PlyCount "88"]
[EventDate "2009.09.27"]
[EventType "swiss"]
[EventRounds "9"]
[EventCountry "SVK"]
[SourceTitle "EXT 2011"]
[Source "ChessBase"]
[SourceDate "2010.11.26"]
[SourceVersion "1"]
[SourceVersionDate "2010.11.26"]
[SourceQuality "1"]

1. d4 Nf6 2. g3 g6 3. Bg2 Bg7 4. c4 d6 5. Nf3 0-0 6. 0-0 Nbd7 7. Nc3 e5 8. dxe5 Nxe5 9. Nxe5 dxe5 10. Qc2 c6 11. e4 Be6 12. b3 Qc8 13. Ba3 Rd8 14. Rad1 Qc7 15. Rxd8+ Rxd8 16. Rd1 Bh6 17. Rd3 Rxd3 18. Qxd3 Qd7 19. Qxd7 Nxd7 20. Bb2 f5 21. Bh3 Kf7 22. Kf1 Bd2 23. exf5 Bxf5 24. Bxf5 gxf5 25. Nd1 Ke6 26. Ke2 Bh6 27. f3 Nf6 28. Nf2 Nd7 29. h3 Bf8 30. g4 b5 31. cxb5 cxb5 32. Nd3 fxg4 33. hxg4 Kd5 34. Nf2 b4 35. Ne4 Be7 36. Kd3 Nf8 37. Ng3 Ne6 38. Ne4 Bg5 39. Nxg5 Nxg5 40. Ke2 Ne6 41. Kd3 Nf4+ 42. Ke3 Ng2+ 43. Kf2 Nf4 44. Ke3 Ng2+ 1/2-1/2

[Event "Olomouc op"]
[Site "Olomouc"]
[Date "2009.08.06"]
[Round "2"]
[White "Jasny, Stanislav"]
[Black "Ruzicka, Milan"]
[Result "1-0"]
[WhiteElo "2364"]
[BlackElo "2105"]
[PlyCount "83"]
[EventDate "2009.08.05"]
[EventType "swiss"]
[EventRounds "9"]
[EventCountry "CZE"]
[SourceTitle "CBM 131 Extra"]
[Source "ChessBase"]
[SourceDate "2009.09.03"]
[SourceVersion "2"]
[SourceVersionDate "2009.09.16"]
[SourceQuality "1"]

1. e4 e6 2. d4 d5 3. Nc3 dxe4 4. Nxe4 Bd7 5. Nf3 Bc6 6. Ng3 Nd7 7. Bd3 Ngf6 8. 0-0 Bxf3 9. Qxf3 c6 10. b3 Qc7 11. c4 Be7 12. Bb2 0-0 13. Rfe1 Rfe8 14. Rad1 Rad8 15. h4 Bd6 16. Ne4 Nxe4 17. Qxe4 Nf6 18. Qf3 Qa5 19. g4 Bb8 20. g5 Nd7 21. Bb1 Nf8 22. Re4 Qc7 23. h5 Qh2+ 24. Kf1 e5 25. d5 cxd5 26. cxd5 Ne6 27. dxe6 Rxd1+ 28. Ke2 fxe6 29. Kxd1 Rf8 30. Qg4 Qh1+ 31. Re1 Qd5+ 32. Ke2 Rf4 33. Qg3 e4 34. Qc3 Rf7 35. Rd1 Qb5+ 36. Qc4 Qxg5 37. Qxe6 Qxh5+ 38. Ke1 Qh1+ 39. Kd2 Bf4+ 40. Kc2 Qh4 41. Bd4 Qh5 42. Be3 1-0

[Event "CZE-chT2E 0809"]
[Site "Czech Republic"]
[Date "2008.11.23"]
[Round "3.5"]
[White "Travnicek, Peter"]
[Black "Ruzicka, Milan"]
[Result "1/2-1/2"]
[WhiteElo "2188"]
[BlackElo "2074"]
[PlyCount "27"]
[EventDate "2008.10.12"]
[EventType "team-tourn"]
[EventRounds "11"]
[EventCountry "CZE"]
[SourceTitle "EXT 2010"]
[Source "ChessBase"]
[SourceDate "2010.11.25"]
[SourceVersion "1"]
[SourceVersionDate "2010.11.25"]
[SourceQuality "1"]
[WhiteTeam "Litovel II"]
[BlackTeam "Sumperk"]
[WhiteTeamCountry "CZE"]
[BlackTeamCountry "CZE"]

1. e4 e6 2. d4 d5 3. Nc3 Bb4 4. e5 c5 5. Bd2 Bxc3 6. Bxc3 Nc6 7. Nf3 b6 8. Bb5 Nge7 9. b4 cxd4 10. Nxd4 Bd7 11. Qe2 Nxd4 12. Bxd4 Bxb5 13. Qxb5+ Qd7 14. Qd3 1/2-1/2

[Event "Tatry op"]
[Site "Tatranske Zruby"]
[Date "2008.09.28"]
[Round "2"]
[White "Burdik, Lubomir"]
[Black "Ruzicka, Milan"]
[Result "1-0"]
[WhiteElo "2262"]
[BlackElo "2070"]
[PlyCount "99"]
[EventDate "2008.09.27"]
[EventType "swiss"]
[EventRounds "9"]
[EventCountry "SVK"]
[SourceTitle "CBM 126 Extra"]
[Source "ChessBase"]
[SourceDate "2008.11.05"]
[SourceVersion "1"]
[SourceVersionDate "2008.11.05"]
[SourceQuality "1"]

1. d4 d5 2. Nf3 Nf6 3. c4 c6 4. Nc3 Bf5 5. cxd5 cxd5 6. Qb3 Bc8 7. Bf4 a6 8. e3 Nc6 9. Bd3 e6 10. 0-0 Bd6 11. Bxd6 Qxd6 12. Rad1 0-0 13. e4 Nxe4 14. Nxe4 dxe4 15. Bxe4 Ne7 16. Ne5 Rb8 17. Rfe1 b5 18. Qh3 f5 19. Bf3 Bb7 20. Bxb7 Rxb7 21. Qb3 Rc7 22. Nd3 Nd5 23. Nc5 Rf6 24. Rd2 Rh6 25. g3 f4 26. Rde2 Re7 27. Ne4 Qb6 28. Nc5 Qd6 29. Re5 fxg3 30. hxg3 Nc7 31. R1e4 Qc6 32. a3 Re8 33. Qa2 a5 34. Qb3 a4 35. Qa2 Kf7 36. b4 Rd8 37. f3 Rd5 38. Kg2 Rf6 39. Qd2 Rd6 40. Qd3 h6 41. Re2 Rd5 42. Rc2 Qb6 43. Rxd5 Nxd5 44. Nd7 Qd8 45. Nxf6 Qxf6 46. Qe4 Qg5 47. Re2 Qf6 48. Qe5 Qg6 49. Re4 Ke7 50. Qxd5 1-0

[Event "Marianske Lazne op"]
[Site "Marianske Lazne"]
[Date "2008.01.22"]
[Round "5"]
[White "Ruzicka, Milan"]
[Black "Osmanovic, Faruk"]
[Result "1/2-1/2"]
[WhiteElo "2081"]
[BlackElo "2138"]
[PlyCount "131"]
[EventDate "2008.01.19"]
[EventType "swiss"]
[EventRounds "9"]
[EventCountry "CZE"]
[SourceTitle "CBM 122 Extra"]
[Source "ChessBase"]
[SourceDate "2008.03.04"]
[SourceVersion "1"]
[SourceVersionDate "2008.03.04"]
[SourceQuality "1"]

1. d4 Nf6 2. Nf3 e6 3. Bf4 b6 4. e3 Bb7 5. Bd3 c5 6. Nbd2 cxd4 7. exd4 Nc6 8. c3 Be7 9. 0-0 0-0 10. h3 d6 11. Ne4 Nxe4 12. Bxe4 f5 13. Bc2 g5 14. Bh2 g4 15. hxg4 fxg4 16. Qd3 Rf7 17. Nd2 Qf8 18. f3 Qh6 19. fxg4 Raf8 20. Rxf7 Rxf7 21. Rf1 Nd8 22. Rxf7 Nxf7 23. Bg3 Bg5 24. Ne4 Be3+ 25. Bf2 Bxf2+ 26. Nxf2 Qc1+ 27. Kh2 Ng5 28. Qe2 Qf4+ 29. Kg1 Qg3 30. Be4 Nxe4 31. Nxe4 Qf4 32. Nd2 e5 33. dxe5 dxe5 34. Qc4+ Qf7 35. Qxf7+ Kxf7 36. Kf2 Ke6 37. g3 Kd5 38. Ke3 Bc8 39. Ne4 h6 40. g5 hxg5 41. Nxg5 Bf5 42. Nf3 Bb1 43. a3 a5 44. c4+ Kd6 45. b4 axb4 46. axb4 Ba2 47. Nd2 b5 48. c5+ Ke6 49. Ne4 Bd5 50. Nd6 Bc6 51. Nc8 Be8 52. g4 Bc6 53. Na7 Be8 54. g5 Kd5 55. c6 Kd6 56. Nxb5+ Kxc6 57. Nc3 Bg6 58. Kf3 Bf5 59. Ne4 Kd5 60. Nf6+ Kd4 61. b5 Kc5 62. Ng4 Kxb5 63. Nxe5 Kc5 64. Kf4 Bb1 65. Nf7 Kd5 66. Nh6 1/2-1/2

[Event "Olomouc op"]
[Site "Olomouc"]
[Date "2007.08.03"]
[Round "2"]
[White "Ruzicka, Milan"]
[Black "Jurcik, Marian"]
[Result "0-1"]
[WhiteElo "2073"]
[BlackElo "2367"]
[PlyCount "46"]
[EventDate "2007.08.02"]
[EventType "swiss"]
[EventRounds "9"]
[EventCountry "CZE"]
[SourceTitle "CBM 119 Extra"]
[Source "ChessBase"]
[SourceDate "2007.09.04"]
[SourceVersion "1"]
[SourceVersionDate "2007.09.04"]
[SourceQuality "1"]

1. d4 d6 2. e4 g6 3. Nc3 Bg7 4. Be3 Nd7 5. Qd2 a6 6. a4 b6 7. Bc4 Bb7 8. Nge2 e6 9. h4 Ngf6 10. f3 d5 11. Bd3 c5 12. e5 Ng8 13. Bg5 Qc7 14. h5 c4 15. hxg6 hxg6 16. Rxh8 Bxh8 17. Bxg6 fxg6 18. 0-0-0 Nf8 19. Rh1 Bg7 20. Nf4 Bc6 21. g4 b5 22. Nce2 bxa4 23. c3 a3 0-1